Sports Quiz

Random Sports or Numbers Quiz

NFL Starting QBs (Las Vegas Raiders) Quiz Stats

 Plays Quiz Updated Jan 4, 2021

Support Sporcle.
Go Orange.
Score 0/19 Timer 04:00
1 Play Today
Starts Player % Correct
110Derek Carr
95.3%
25Jamarcus Russell
84%
74Rich Gannon
83.1%
24Carson Palmer
59.1%
10Terrelle Pryor
55.4%
7Matt McGloin
40.6%
18Jason Campbell
39.7%
28Kerry Collins
38.6%
1Matt Flynn
29.3%
8Bruce Gradkowski
29.3%
Starts Player % Correct
8Aaron Brooks
28.2%
6Daunte Culpepper
26.9%
9Josh McCown
24.9%
9Andrew Walter
24%
1EJ Manuel
20.6%
2Marques Tuiasosopo
17.6%
1Kyle Boller
13.8%
3Charlie Frye
11.9%
8Rick Mirer
11.3%

You're not logged in!

Compare scores with friends on all Sporcle quizzes.
OR
Log In

From the Vault

The Many Jobs of Apple

by Hejman

"Stay Hungry, Stay Foolish" - Steve Jobs
Remove Ads.
Support Sporcle.
Get the best of Sporcle when you Go Orange. This ad-free experience offers more features, more stats, and more fun while also helping to support Sporcle. Thank you for becoming a member.

Show Comments

Extras

Top Quizzes Today


Score Distribution

Your Account Isn't Verified!

In order to create a playlist on Sporcle, you need to verify the email address you used during registration. Go to your Sporcle Settings to finish the process.

Report this User

Report this user for behavior that violates our Community Guidelines.

Details: